000 00304nam a22001337a 4500
008 180301b xxu||||| |||| 00| 0 eng d
020 _a9780787971175
041 _aeng
080 _a338
100 _a53
101 _aMNG
245 _aProductive Workplaces Revisited
_cWeisbord, M.R
942 _2udc
_cBK
999 _c43745
_d43745